The Central sales tax act 1972 (Record no. 4155)

MARC details
000 -LEADER
fixed length control field 00462nam a2200169Ia 4500
003 - CONTROL NUMBER IDENTIFIER
control field IN-BaIIA
008 - FIXED-LENGTH DATA ELEMENTS--GENERAL INFORMATION
fixed length control field 211028s9999 xx 000 0 eng d
040 ## - CATALOGING SOURCE
Transcribing agency IIA Library
080 ## - UNIVERSAL DECIMAL CLASSIFICATION NUMBER
Universal Decimal Classification number 658.31
Item number RAM
100 ## - MAIN ENTRY--PERSONAL NAME
Personal name Ram, Gulabdas V
9 (RLIN) 7317
245 #4 - TITLE STATEMENT
Title The Central sales tax act 1972
Statement of responsibility, etc. Gulabdas V. Ram
260 ## - PUBLICATION, DISTRIBUTION, ETC.
Place of publication, distribution, etc. Allahabad
Name of publisher, distributor, etc. Central Law Agency
Date of publication, distribution, etc. 1972
300 ## - PHYSICAL DESCRIPTION
Extent 12p.
650 ## - SUBJECT ADDED ENTRY--TOPICAL TERM
Topical term or geographic name entry element Central Government Rules
9 (RLIN) 7081
650 ## - SUBJECT ADDED ENTRY--TOPICAL TERM
Topical term or geographic name entry element Others Thesaurus
9 (RLIN) 637
942 ## - ADDED ENTRY ELEMENTS (KOHA)
Koha item type Books
Holdings
Withdrawn status Lost status Damaged status Not for loan Home library Current library Shelving location Date acquired Cost, normal purchase price Total Checkouts Full call number Barcode Date last seen Cost, replacement price Price effective from Koha item type Purchase Price
        IIA Library-Bangalore IIA Library-Kodaikanal General Stacks 17/04/1973 1.50   658.31/ RAM 4638 05/11/2021 1.50 17/04/1973 Books Rs. 1.50

Powered by Koha